000 00447nam a22001577a 4500
020 _a9780898714548
082 _a512.5 MEY
100 _aCarl Meyer
245 _aMatrix Analysis and Applied Linear Algebra
260 _aNorth Carolina
_bNorth Carolina State University Baleigh
300 _aviii. 718 p.
_bill.
_eCD
500 _ainclude index
650 _a1.Algebras, Linear.2.Matrix analytic methods.
700 _aMeyer, Carl
942 _cBK
999 _c12164
_d12164